|
|
|
|
| LEADER |
00743cam a2200181 7i4500 |
| 001 |
0000015878 |
| 005 |
20050726090000.0 |
| 090 |
0 |
0 |
|a CD 338.476684
|b MAL (M)
|
| 110 |
2 |
0 |
|a Malaysian Plastics Manufacturers Association [MPMA]
|
| 245 |
2 |
0 |
|a MPMA :
|b Malaysian Plastics Industy directory 2005/ 2006.
|
| 260 |
0 |
0 |
|a Petaling Jaya:
|b MPMA,
|c 2005.
|
| 300 |
# |
# |
|a Electronic computer optical disc(CD-ROM).
|
| 650 |
0 |
0 |
|a Plastics --
|x Directories --
|z Malaysia
|
| 651 |
0 |
0 |
|a Malaysia
|
| 999 |
|
|
|a CDR000465H
|b CD-ROM
|c AV Collection
|e Business Information Centre
|
| 999 |
|
|
|a CDPNG0011H
|b CD-ROM
|c AV Collection
|e MATRADE Northern Regional Office
|
| 999 |
|
|
|a CDSBH0011H
|b CD-ROM
|c AV Collection
|e MATRADE Sabah
|
| 999 |
|
|
|a CDSRW0012H
|b CD-ROM
|c AV Collection
|e MATRADE Sarawak
|